ARRUPE JESUIT UNIVERSITY

CORONAVIRUS -STOP THE SPREAD - CLEAN,DISINFECT,COVER

Oasis of wisdom : (Record no. 124363)

MARC details
000 -LEADER
fixed length control field 01552cam a22003134a 4500
001 - CONTROL NUMBER
control field 13713038
003 - CONTROL NUMBER IDENTIFIER
control field ARRUPE
005 - DATE AND TIME OF LATEST TRANSACTION
control field 20160316114030.0
008 - FIXED-LENGTH DATA ELEMENTS--GENERAL INFORMATION
fixed length control field 040908s2005 mnu b 001 0 eng
010 ## - LIBRARY OF CONGRESS CONTROL NUMBER
LC control number 2004021179
020 ## - INTERNATIONAL STANDARD BOOK NUMBER
International Standard Book Number 0814630340 (pbk. : alk. paper)
040 ## - CATALOGING SOURCE
Original cataloging agency DLC
Transcribing agency DLC
Modifying agency DLC
042 ## - AUTHENTICATION CODE
Authentication code pcc
043 ## - GEOGRAPHIC AREA CODE
Geographic area code f-ua---
050 00 - LIBRARY OF CONGRESS CALL NUMBER
Classification number BR195.C5
Item number K45 2005
082 00 - DEWEY DECIMAL CLASSIFICATION NUMBER
Classification number 271/.009/015
Edition number 22
300 ## - PHYSICAL DESCRIPTION
Other physical details 1 map ;
Dimensions 23 cm.
100 1# - MAIN ENTRY--PERSONAL NAME
Personal name Keller, David G. R.,
Dates associated with a name 1937-
9 (RLIN) 22901
245 10 - TITLE STATEMENT
Title Oasis of wisdom :
Remainder of title the worlds of the Desert Fathers and Mothers /
Statement of responsibility, etc David G. R. Keller.
260 ## - PUBLICATION, DISTRIBUTION, ETC. (IMPRINT)
Place of publication, distribution, etc Collegeville, Minn. :
Name of publisher, distributor, etc Liturgical Press,
Date of publication, distribution, etc c2005.
300 ## - PHYSICAL DESCRIPTION
Extent xxii, 181 p. :
504 ## - BIBLIOGRAPHY, ETC. NOTE
Bibliography, etc Includes bibliographical references (p. 166-168) and index.
520 ## - SUMMARY, ETC.
Summary, etc "Introduces readers to the wisdom of the desert elders in the context of their daily lives, presenting their background (historical, cultural, and religious) and describing the environment of solitude, ascetic disciplines, labor, and interactions with other people that was the source of their wisdom"--Provided by publisher.
650 #0 - SUBJECT ADDED ENTRY--TOPICAL TERM
Topical term or geographic name as entry element Spiritual life
General subdivision Christianity
-- History of doctrines
Chronological subdivision Early church, ca. 30-600.
9 (RLIN) 22902
650 #0 - SUBJECT ADDED ENTRY--TOPICAL TERM
Topical term or geographic name as entry element Desert Fathers.
9 (RLIN) 3355
650 #0 - SUBJECT ADDED ENTRY--TOPICAL TERM
Topical term or geographic name as entry element Monastic and religious life of women
Geographic subdivision Egypt
General subdivision History
Chronological subdivision Early church, ca. 30-600.
9 (RLIN) 22903
906 ## - LOCAL DATA ELEMENT F, LDF (RLIN)
a 7
b cbc
c orignew
d 1
e ecip
f 20
g y-gencatlg
942 ## - ADDED ENTRY ELEMENTS (KOHA)
Source of classification or shelving scheme Library of Congress Classification
Koha item type Monograph ( Printed materials)
Holdings
Withdrawn status Lost status Source of classification or shelving scheme Damaged status Not for loan Collection code Home library Current library Shelving location Date acquired Total Checkouts Full call number Barcode Date last seen Date checked out Price effective from Koha item type
    Library of Congress Classification     Main Collection ARRUPE LIBRARY ARRUPE LIBRARY Main Collection 15/03/2016 3 BR195.C5 K45 2005 46500006681 19/05/2017 07/04/2017 15/03/2016 Monograph ( Printed materials)

 

Arrupe Library. PO Box MP320 Mt Pleasant, Harare, Zimbabwe
263 242 745411|librarian@aju.ac.zw